| 000 | 00000nam##2200000za#4500 |
| 001 | 9.589657 |
| 003 | CaOODSP |
| 005 | 20210624195743 |
| 007 | cr ||||||||||| |
| 008 | 150406|1999||||xxc|||||o f|0| 0 eng|d |
| 040 | |aCaOODSP|beng |
| 041 | |aeng |
| 041 | |afre |
| 043 | |an-cn--- |
| 086 | 1 |aSP2-1/1-1999-PDF |
| 110 | 1 |aCanada. |bQueen's Printer. |
| 245 | 10|aDepartment of Transport - Transportation of Dangerous Goods Regulations |h[electronic resource] |
| 260 | |bQueen's Printer |cAugust 7, 1999. |
| 300 | |a803p.|bfigs., tables, index |
| 490 | 1 |aCanada gazette, Part I. Supplement |
| 590 | |a13-27-Supp|b2013-11-15 |
| 792 | |tMinistère des Transports - Règlement sur le transport des marchandises dangereuses |efre|w(CaOODSP)9.589658 |
| 830 | #0|aCanada gazette, part I. Supplement.|w(CaOODSP)9.500175 |
| 856 | 40|ahttp://publications.gc.ca|qPDF|s12.73 MB|uhttps://publications.gc.ca/collections/collection_2013/gazette/SP2-1-1-1999.pdf |